| 000 | 00357nam a22001577a 4500 | ||
|---|---|---|---|
| 003 | SGT | ||
| 020 | _a978-93-325-8710-6 | ||
| 082 |
_a658.8 _bKOT |
||
| 100 | _aKOTLER, PHILIP | ||
| 245 | _aMARKETING MANAGEMENT INDIAN CASE | ||
| 250 | _a12TH | ||
| 260 |
_aINDIA _bPEARSON _c2024 |
||
| 300 | _a23.4 | ||
| 650 | _aMARKETING MANAGEMENT | ||
| 942 |
_2ddc _cBK |
||
| 999 |
_c25711 _d25711 |
||